UK hotels forecast Update 2013 (Record no. 84434)

MARC details
000 -LEADER
fixed length control field 00866cab a22001935a 4500
001 - CONTROL NUMBER
control field L157695
008 - FIXED-LENGTH DATA ELEMENTS--GENERAL INFORMATION
fixed length control field 130312e2013 xxk 000 0 eng d
035 ## - SYSTEM CONTROL NUMBER
System control number (Sirsi) u157695
041 0# - LANGUAGE CODE
Language code of text/sound track or separate title eng
110 2# - MAIN ENTRY--CORPORATE NAME
Corporate name or jurisdiction name as entry element PwC
245 00 - TITLE STATEMENT
Title UK hotels forecast Update 2013
Medium [electronic resource]
260 ## - PUBLICATION, DISTRIBUTION, ETC.
Date of publication, distribution, etc. 2013
520 ## - SUMMARY, ETC.
Summary, etc. Predicts 2013 will be a challenging year for the UK hotel market with tough trading conditions due to the weak UK economy and global economic factors. Looks at occupancy, average daily rates, revenue generated and supply and demand issues.
590 ## - LOCAL NOTE (RLIN)
Local note KA
651 #4 - SUBJECT ADDED ENTRY--GEOGRAPHIC NAME
Geographic name United Kingdom
Chronological subdivision
690 ## - LOCAL SUBJECT ADDED ENTRY--TOPICAL TERM (OCLC, RLIN)
Topical term or geographic name as entry element Commercial property
9 (RLIN) 6227
856 40 - ELECTRONIC LOCATION AND ACCESS
Uniform Resource Identifier <a href="https://www.pwc.co.uk/hospitality-leisure/publications/pwc-uk-hotels-forecast-update-2013-a-challenging-year-ahead-for-hoteliers.jhtml">https://www.pwc.co.uk/hospitality-leisure/publications/pwc-uk-hotels-forecast-update-2013-a-challenging-year-ahead-for-hoteliers.jhtml</a>
Public note Registration required to view report at www.pwc.co.uk
942 ## - ADDED ENTRY ELEMENTS (KOHA)
Suppress in OPAC 0
Holdings
Withdrawn status Lost status Source of classification or shelving scheme Damaged status Not for loan Home library Current library Shelving location Date acquired Total Checkouts Full call number Barcode Date last seen Copy number Price effective from Koha item type
    Dewey Decimal Classification     Virtual Virtual Online 12/03/2013   ONLINE PUBLICATION 157695-2001 06/08/2019 1 06/08/2019 Journal article